Pre 21. storočie [rozhovor s riaditeľom o reštaurácii Slovenskej národnej galérie

Bibliographic Details
Main Author: Mruškovič, Štefan, 1932-2016 (Author)
Format: Article
Language:Slovak
PhysicalDescription:Obr.
Subjects:

MARC

LEADER 00000nab a2200000 a 4500
001 vtls008885652
003 SK-MaSNL
005 20260426101318.0
008 060313 1977 xo | 000 0 slo
015 |a SNBRB1977 
040 |a SNKBUCL  |b slo  |c SNKBUCL  |e AACR2 
041 0 |a slo 
044 |a xo  |c SK 
080 |a 727.7.025.4  |x (437.6)  |2 2001 
080 |a 069.02:72/76  |x (437.6)  |2 2001 
245 0 0 |a Pre 21. storočie  |b [rozhovor s riaditeľom o reštaurácii Slovenskej národnej galérie  |c zap. [gk] 
300 |b Obr. 
610 2 7 |a Slovenská národná galéria  |2 snkbucl  |9 59840 
650 0 7 |a reštaurátorstvo  |2 snkbucl  |9 18959 
651 7 |a Bratislava (Slovensko)  |2 snkbucl  |9 14568 
700 1 |a Mruškovič, Štefan,  |d 1932-2016  |4 aut  |4 ive  |9 161721 
773 0 |t Sloboda  |g Roč. 32, č. 8 (1977), s. 4 
999 |c 3225549  |d 3227479